Iglesia, gobierno, principios

Saved in:
Bibliographic Details
Main Author: Infante Díaz, Florencio (Author)
Format: Book
Language:Spanish
Published: Santiago Vicaría Castrense 1976
Subjects:
Tags: Add Tag
No Tags, Be the first to tag this record!

MARC

LEADER 00000cam a2200000 a 4500
001 UCT7905
003 CL-VaPUC
008 970317e19760000CL |||||||||||||||||spa|d
082 0 4 |a 261.7  |b INF  |2 21 
100 0 |a Infante Díaz, Florencio  |e author  |9 379172 
245 1 0 |a Iglesia, gobierno, principios 
300 |a 110 p 
942 |c BK 
945 |d 19970317 00:00:00  |a paguirre 
260 |a Santiago  |b Vicaría Castrense  |c 1976 
650 0 |a Iglesia Católica  |9 256114 
650 0 |a Iglesia y Estado  |9 254995 
650 0 |a Política  |9 255312 
650 0 |a Doctrinas políticas  |9 255835 
650 0 |a Sociedad  |9 307903 
650 7 |a NACIONALISMO  |2 CL-VaPUC  |9 379173 
651 7 |a CHILE  |2 CL-VaPUC  |9 379174 
583 |a last modification  |c 20150408 05:06:05  |k Rodrigo Vera 
999 |c 256451  |d 256449 
952 |0 0  |1 0  |4 0  |6 261_700000000000000_INF_1976  |7 0  |8 A  |9 279193  |a BIBDER  |b BIBDER  |d 2019-11-19  |i 180944K  |o 261.7 INF 1976  |p 180944K  |r 2023-01-25  |w 2019-11-19  |y BK  |k DER 
952 |0 0  |1 0  |4 0  |6 261_700000000000000_INF_1976  |7 0  |8 DER_HDC  |9 279194  |a BIBDER  |b BIBDER  |d 2019-11-19  |i 1809458  |o 261.7 INF 1976  |p 1809458  |r 2023-01-25  |w 2019-11-19  |x Ubicación 4to Piso  |y BK  |z Estos recursos deben solicitarse con anticipación  |k DER 
952 |0 0  |1 0  |4 0  |6 261_700000000000000_INF_1976  |7 0  |8 A  |9 279195  |a BIBDER  |b BIBDER  |d 2019-11-19  |i 1809466  |o 261.7 INF 1976  |p 1809466  |r 2023-01-25  |w 2019-11-19  |y BK  |k DER 
952 |0 0  |1 0  |3 erb  |4 0  |6 261_700000000000000_INF_1976  |7 0  |8 X  |9 279196  |a FDOBUD  |b FDOBUD  |e Villagrán Garnham, Jorge  |i 5159458  |o 261.7 INF 1976  |p 5159458  |r 2019-11-19  |w 2019-11-19  |y BK_X  |z Catalogado en:20150416  |k BUD